| 000 | 00000nam##2200000za#4500 |
| 001 | 9.601194 |
| 003 | CaOODSP |
| 005 | 20210624205943 |
| 007 | cr ||||||||||| |
| 008 | 150406|2005||||xxc|||||o f|0| 0 fre|d |
| 022 | |a1919-5117 |
| 040 | |aCaOODSP|bfre |
| 043 | |an-cn--- |
| 086 | 1 |aFs70-6/2005-041F-PDF |
| 110 | 1 |aCanada. |bMinistère des pêches et des océans. |bRégion des Maritimes. |
| 245 | 10|aRapport d'évaluation sur le stock de pétoncle (Placopecten magellanicus) de la zone de péche du pétoncle (ZZP) 29 |h[ressource électronique] |
| 246 | 17|aRégion des Maritimes : ZPP de la baie de Fundy |
| 260 | |aDartmouth - Nouvelle-Écosse : |bPêches et Océans Canada. |cSeptembre 2005. |
| 300 | |a11p.|bfigures, graphiques, ill., cartes, références, tableau |
| 490 | 1 |aSecrétariat canadien de consultation scientifique, avis scientifique |x1919-5117|v2005/041, Région des Maritimes |
| 590 | |a11-11-Supp|b2011-07-13 |
| 775 | 08|tStock assessment report on scallops (Placopecten magellanicus)in scallop fishing area (SFA) 29 |w(CaOODSP)9.570546 |
| 830 | #0|aAvis scientifique (Secrétariat canadien de consultation scientifique)|x1919-5117|v2005/041, Région des Maritimes|w(CaOODSP)9.502624 |
| 856 | 40|ahttp://publications.gc.ca|qPDF|s446 Ko|uhttps://publications.gc.ca/collections/collection_2011/mpo-dfo/Fs70-6-2005-041-fra.pdf|y2005/041, Région des Maritimes |